Top Languages of Quebec - Statistics

General Stats
  • This quiz has been taken 947 times
    844 since last reset
  • The average score is 12 of 20
Answer Stats
Native Speakers Language % Correct
6,291,445 French
100%
639,365 English
99%
177,155 Spanish
94%
198,790 Arabic
85%
90,940 Italian
81%
41,540 Portuguese
81%
31,700 Russian
78%
57,445 Mandarin
77%
28,630 Vietnamese
58%
34,085 Greek
55%
17,705 Tagalog
55%
24,240 Cantonese
50%
22,130 Persian
50%
46,470 Haitian Creole
40%
23,830 Punjabi
39%
35,810 Romanian
37%
14,230 Tamil
34%
27,875 Cree-Innu
25%
16,890 Armenian
12%
57,135 Kabyle
12%
No matching quizzes found
Score Distribution
Percent of People with Each Score
Percentile by Number Answered
Your Score History
You have not taken this quiz since the last reset